[Event "EU-ch 15th"]
[Site "Yerevan"]
[Date "2014.03.05"]
[Round "3"]
[White "Jobava, Baadur"]
[Black "Roiz, Michael"]
[Result "1-0"]
[WhiteElo "2716"]
[BlackElo "2591"]
[Annotator "Roiz,M"]
[PlyCount "113"]
[EventDate "2014.03.03"]
[EventType "swiss"]
[EventRounds "11"]
[EventCountry "ARM"]
[SourceTitle "CBM 160"]
[Source "ChessBase"]
[SourceDate "2014.05.15"]
[SourceVersion "1"]
[SourceVersionDate "2014.05.15"]
[SourceQuality "1"]

1. e4 e5 2. Nf3 Nc6 3. Bc4 Bc5 4. c3 Nf6 5. b4 Bb6 6. d3 d6 7. a4 {Baadur's
favourite line. He has excellent results here, but during my preparation I
mainly focused on sharper stuff.} a6 8. Nbd2 O-O 9. O-O Ne7 {This manoevre is
not necessary, but the knight wouldn't be vulnerable anymore.} 10. Bb3 Ng6 11.
Nc4 Ba7 12. Be3 h6 13. Bxa7 Rxa7 {I had briefly looked at this position during
my preparation.} 14. Ne3 (14. g3 Bh3 15. Re1 Ra8 16. Ne3 Qd7 17. Qc2 Rfe8 18.
Rad1 Be6 19. a5 Bxb3 20. Qxb3 Rad8 $11 {1/2-1/2 Jobava,B (2710)-Fressinet,L 
(2718)/Plovdiv 2010/CBM 139 (42)}) 14... Ra8 $5 $146 {In my opinion, Black
shouldn't hurry with exchanging the light-squared bishops.} ({After} 14... Be6
15. Re1 Ra8 16. a5 Qd7 17. Ba4 c6 18. Qc2 Ng4 19. d4 Nxe3 20. Rxe3 Qc7 21. Bb3
Bxb3 22. Qxb3 {White had a slight edge in 1/2-1/2 Fressinet,L (2718)-L'Ami,E 
(2624)/Germany 2011/EXT 2012 (60)}) 15. g3 c6 {A good prophylactic move. Now
White always has to deal with the d6-d5 advance.} (15... Bh3 16. Re1 Qd7 17. a5
Rad8 18. Qc2 Be6 $11) 16. Re1 Re8 ({I rejected} 16... d5 $5 17. exd5 cxd5 18.
d4 {but Black would hardly face any problems after} e4 19. Ne5 Be6 20. Nxg6
fxg6 21. c4 dxc4 22. Bxc4 Bxc4 23. Nxc4 Rc8 $11) 17. a5 Be6 $6 {An
unsuccessful decision. The exchange of bishops is in White's favour. I can
hardly understand why I spent so much time in the opening, but at this moment
I had only 30 minutes left on my clock.} ({There was no reason from deviating
from the brave line with a sacrifice:} 17... d5 18. exd5 cxd5 19. d4 e4 20. Ne5
Rxe5 $1 (20... Nxe5 21. dxe5 Rxe5 22. Qd4 Rh5 23. c4 $14) 21. dxe5 Nxe5 22.
Bxd5 Nf3+ 23. Kh1 Nxd5 24. Qxd5 Qxd5 25. Nxd5 Nxe1 26. Rxe1 Bg4 $11) 18. Bxe6
Rxe6 (18... fxe6 19. Nd2 d5 20. Nb3 $14) 19. Nd2 ({It was possible to sieze
more space without any preparations:} 19. c4 $5 d5 20. Qc2 $14) 19... Rc8 {
I didn't know if there is a good square for my queen yet, but that rook lift
looks quite weird.} (19... d5 20. c4 dxe4 21. Nxe4 Nxe4 22. dxe4 Rd6 23. Qf3
$14) (19... Qc7 20. Qc2 Rd8 21. Rad1 d5 22. Nb3 $14) 20. Qb1 Rc7 21. Ra2 Re8
22. Kg2 d5 {Finally this natural advance comes, but this version is much worse
than earlier.} 23. c4 $1 Nf8 {I completely missed Baadur's reply.} (23... d4
24. Nf5 Ne7 25. Nxe7+ Rcxe7 26. c5 Rf8 27. Nc4 Ne8 28. Qb3 $14) (23... Qc8 $1
24. Nb3 (24. cxd5 cxd5 25. exd5 Qd7 $11) 24... Ne7 25. Rae2 h5 26. h4 Rd8 $14)
24. Nf3 $1 {That is the point! Black's centre is under pressure now, so I had
no time for improving my pieces.} Rd7 $6 {Allowing an unpleasant penetration
of White's knight.} (24... g6 25. c5 Rce7 26. Rae2 $14) 25. Nf5 {Now the
pressure seems very strong.} dxe4 (25... Qb8 26. exd5 cxd5 27. c5 $16) 26. dxe4
Re6 $138 {Missing the last opportunity to change the character of play.} ({
The pawn sacrifice was called for:} 26... g6 $142 $1 27. Nxh6+ Kg7 28. Qc1 Qc7
29. Rd2 (29. Qg5 N8h7 30. Qe3 Qd6 31. c5 Qd3 $132) 29... Rxd2 30. Qxd2 Ne6 31.
Ng5 Rd8 32. Nxe6+ fxe6 33. Qg5 Qd6 $14) 27. c5 $16 Ne8 {The knight is heading
to b5 - this is definitely the most useful thing I could do in such a passive
position.} 28. Ree2 Nc7 29. Rad2 {Taking control of the open file.} Nb5 30.
Rxd7 Qxd7 31. Rd2 Qc7 32. h4 {Baadur is not in a rush.} (32. Qd3 Re8 33. Nd6
Nxd6 34. cxd6 Qd7 35. Qc4 $16) 32... Re8 33. Qa1 Nd7 34. Rd3 Nf6 35. Nd2 {
Improving the position step by step.} g6 ({Unfortunately, an attempt to
simplify the position fails to:} 35... Rd8 $2 36. Rxd8+ Qxd8 37. Qxe5 Qxd2 38.
Qb8+ Kh7 39. Qf8 Nh5 40. Ne7 Nf6 41. e5 $18) 36. Nd6 Nxd6 37. Rxd6 (37. cxd6 $5
Qd8 38. f3 Re6 39. Nc4 Nd7 40. Qg1 $16) 37... Qe7 38. Qc3 Rd8 39. Nc4 $2 {
The only serious mistake of Baadur in this game! I do not understand why he
allowed me to exchange the central pawns.} ({I had expected} 39. Qd3 $142 Rxd6
40. cxd6 Qd7 41. Nc4 Ne8 42. f3 $16 {and Black has a very difficult position.})
39... Nxe4 40. Rxd8+ (40. Qxe5 Re8 41. Qxe7 Rxe7 42. Rd8+ Kg7 43. Nd6 h5 $11)
40... Qxd8 41. Qxe5 Nf6 $2 ({It was a tough task for me to find:} 41... Qd3 $1
42. Qe8+ (42. Nd6 Nxd6 43. cxd6 h5 $1 44. Qe8+ Kg7 45. d7 Qd5+ 46. Kh2 Qd2 $11)
42... Kg7 43. Qxf7+ Kxf7 44. Ne5+ Ke6 45. Nxd3 g5 46. Kf3 (46. hxg5 hxg5 47. f3
Nf6 48. g4 Kd5 49. f4 Nh7 $11) 46... Nf6 47. Ke3 Kd5 $11 {with a sufficient
counterplay.}) 42. Nd6 Kf8 43. Qf4 h5 44. Qh6+ Kg8 $2 {A terrible tactical
blunder.} ({At the same time, it would be very difficult for Baadur to make
any progress after:} 44... Ke7 45. Qe3+ Kf8 46. Qf3 Qe7 $1 ({but not} 46... Kg7
47. b5 Qd7 48. b6 $16) 47. Nxb7 Nd5 48. Nd6 Qe6 49. Kf1 $1 Kg7 $14) 45. Qh8+ $1
Kxh8 46. Nxf7+ Kg7 47. Nxd8 Nd5 48. Kf3 $1 {The last precise move. It is
important to prevent the activation of Black's king.} (48. Nxb7 $2 Kf6 49. Kf3
Ke5 50. Nd8 Nxb4 $16) 48... Nxb4 (48... Kf6 49. Ke4 {is just the same.}) 49.
Ke4 Kf6 50. Nxb7 $18 {White is completely winning. The rest is just an agony.}
Ke7 51. Nd6 Ke6 52. Nc4 Nd5 (52... Na2 53. Nd2 Nc3+ 54. Kf4 Kf7 55. Kg5 $18)
53. Kd4 Nc7 54. Na3 Kf5 55. Nc2 Nb5+ 56. Ke3 Ke5 57. Nb4 1-0

[Event "Khanty-Mansiysk FIDE GP"]
[Site "Khanty-Mansiysk"]
[Date "2015.05.25"]
[Round "10"]
[White "Jobava, Baadur"]
[Black "Dominguez Perez, Leinier"]
[Result "1-0"]
[WhiteElo "2699"]
[BlackElo "2734"]
[Annotator "Roiz,M"]
[PlyCount "95"]
[EventDate "2015.05.14"]
[EventType "tourn"]
[EventRounds "11"]
[EventCountry "RUS"]
[EventCategory "21"]
[SourceTitle "CBM 167"]
[Source "ChessBase"]
[SourceDate "2015.07.13"]
[SourceVersion "1"]
[SourceVersionDate "2015.07.13"]
[SourceQuality "1"]

1. e4 {[%emt 0:00:05]} e5 {[%emt 0:00:19]} 2. Nf3 {[%emt 0:00:05]} Nc6 {
[%emt 0:00:05]} 3. Bc4 {[%emt 0:00:04]} Bc5 {[%emt 0:00:27]} 4. c3 {[%emt 0:00:
05]} Nf6 {[%emt 0:00:14]} 5. d4 {[%emt 0:00:03] This line is rarely seen on
the highest level, though GM Baadur Jobava consistently uses it.} exd4 {
[%emt 0:00:08]} 6. e5 {[%emt 0:00:05]} d5 {[%emt 0:00:14]} 7. Bb5 {[%emt 0:00:
04]} Ne4 {[%emt 0:00:16]} 8. cxd4 {[%emt 0:00:05]} Bb6 {[%emt 0:00:06]} 9. h3 {
[%emt 0:00:05]} ({Black gets decent counterplay after} 9. Nc3 O-O 10. Be3 Bg4 {
, since White's pawn centre is under pressure.}) 9... O-O {[%emt 0:01:10]} 10.
O-O {[%emt 0:00:04]} f6 {[%emt 0:01:50] The most principled response -} 11.
Bxc6 {[%emt 0:03:32]} bxc6 {[%emt 0:00:07]} 12. Be3 {[%emt 0:00:02]} fxe5 {
[%emt 0:02:56]} 13. Nxe5 {[%emt 0:00:05]} Bb7 $146 {[%emt 0:08:25] The players
were following the previous encounter of Baadur in the tournament, but it
looks like GM Dominguez wasn't satisfied with a short draw.} ({The
above-mentioned game between Jobava and Grischuk ended in a short, but
exciting draw after} 13... Ba6 14. Re1 Ba5 ({Another move deserving serious
attention was} 14... Qh4 $5 15. Nf3 (15. Qg4 $6 Qxg4 16. hxg4 Rae8 17. Nc3 Nxf2
$17 {0-1 (37) Kiroski,T (2362)-Georgiev,V (2586)/Struga 2010/CBM 137 Extra})
15... Rxf3 16. Qxf3 Rf8 17. Qg4 Qf6 18. Nc3 Nxf2 19. Qg3 Bxd4 20. Bxd4 Qxd4 21.
Kh2 Qf6 $132) 15. Nxc6 (15. b4 Bxb4 16. Nxc6 Qd6 17. Nxb4 Qxb4 18. Nd2 Nxd2 19.
Qxd2 Rab8 $11) 15... Qh4 16. Nxa5 Rxf2 $1 17. Nc3 Rxg2+ 18. Kxg2 Qg3+ {with a
perpetual} 19. Kh1 Qxh3+ 20. Kg1 Qg3+ 21. Kh1 Qh3+ 22. Kg1 Qg3+ 23. Kh1 Qh3+ {
1/2-1/2 Jobava,B (2699)-Grischuk,A (2780)/Khanty-Mansiysk RUS 2015}) 14. Nd2 {
[%emt 0:00:25]} (14. Nc3 c5 {doesn't leave White anything better than} 15. Nxe4
{, so that transposes to text.}) 14... c5 {[%emt 0:00:55]} 15. Nxe4 {[%emt 0:
08:24]} cxd4 {[%emt 0:01:00]} 16. Bxd4 {[%emt 0:06:40]} dxe4 $11 {[%emt 0:01:
43] White's pawn structure is preferable, but the activity of Black's pieces
fully compensates for that.} 17. Qb3+ {[%emt 0:00:39]} Bd5 {[%emt 0:20:56]
Obviously, keeping the queens on the board leaves Black more hopes for seizing
the initiative.} ({A safe route for a drawish endgame is:} 17... Qd5 18. Rfd1
Qxb3 19. axb3 Rad8 20. Bxb6 Rxd1+ 21. Rxd1 axb6 22. Rd7 Rf5 23. Nc4 Rf7 $11)
18. Qc3 {[%emt 0:00:41]} Qg5 {[%emt 0:02:23]} ({Another possibility was:} 18...
Qe7 19. b3 Rad8 (19... c5 20. Be3 Bc7 21. Nc4 $14) 20. Rac1 Bxd4 21. Qxd4 c6 {
the strong Bd5 consolidates Black's posiiton.}) 19. Be3 {[%emt 0:00:43]} Qh5 $6
{[%emt 0:05:14] Black can hardly create any serious threats on the k-side, so
the queen would be more useful in the centre.} (19... Qf6 $142 20. Rac1 Bxa2 $1
21. b3 Rfe8 22. Nc4 Qxc3 23. Rxc3 Bxe3 24. fxe3 Rab8 25. Ra1 Bxb3 26. Rxa7 Bxc4
27. Rxc4 Re7 $11) 20. Rad1 {[%emt 0:05:03]} ({Possibly, stronger was:} 20. a4
$5 Rae8 21. Ng4 Qg6 22. a5 Bxe3 23. Nxe3 $14 {with a small, but stable edge
for White.}) 20... Be6 {[%emt 0:13:37]} (20... Rad8 21. a4 Bxe3 22. fxe3 Rxf1+
23. Rxf1 $14) 21. Rde1 {[%emt 0:09:18] Baadur correctly doesn't force matters,
since Black's position is rather unpleasant from the strategic point of view.}
({There would be nothing special after} 21. Bxb6 axb6 22. Qxc7 Qg5 $1 23. Nd7
Bxh3 24. Qc4+ Kh8 25. Qxe4 Ra4 $132) ({However, a more promising try might be} 
21. a4 $5 Rae8 22. a5 Bxe3 23. fxe3 Rxf1+ 24. Rxf1 Bxh3 25. Qc4+ Be6 26. Qxc7
Qg5 27. Rf4 $14) 21... Bd5 {[%emt 0:18:40]} 22. a4 {[%emt 0:01:14]} Ba5 $2 {
[%emt 0:04:06] A serious positional mistake. Perhaps, Leinier was trying to
force the simplifications and achieve a draw, but in the resulting position
White gets full control over the dark squares.} ({At the same time, after the
natural} 22... Rae8 23. Nd7 Rf7 24. Nxb6 cxb6 {White's advantage is rather
symbolic.}) ({Another good possibility is:} 22... Qe8 23. a5 Bxa5 24. Qxa5 Qxe5
25. Rc1 Rac8 26. Qxa7 c6 $11) 23. Qxa5 {[%emt 0:00:37]} Qxe5 {[%emt 0:00:07]}
24. Rc1 $1 {[%emt 0:00:37] The most precise. Unfortunately, Black cannot
consolidate the position by means of c7-c6, so the material loss is
unavoidable.} Rac8 {[%emt 0:13:41]} (24... c6 25. Rxc6 $18) (24... Rf7 25. Rfd1
Rd8 26. Rc5 Rfd7 27. b4 $18) 25. Rfd1 $6 {[%emt 0:11:19] A strange decision.} (
{For some reason, Baadur rejects} 25. Qxa7 c6 26. Qd4 Qf5 27. b4 $18) 25... c6
{[%emt 0:00:27]} 26. b4 {[%emt 0:00:29]} ({Now after} 26. Qxa7 Ra8 27. Qd4 Qxd4
28. Rxd4 Rfb8 29. Rc2 Rb3 $14 {Black gets excellent drawing chances due to the
activity of his rooks.}) 26... Qe6 {[%emt 0:03:55]} ({The most stubborn seems
to be} 26... a6 $1 {though after} 27. Qxa6 Ra8 28. Qf1 Rxa4 29. b5 Bb3 30. Rc5
Qe8 31. bxc6 Bxd1 32. Qxd1 $16 {Black's position is very difficult.}) 27. b5 $1
{[%emt 0:08:15] Now Baadur is on the top again.} Bb3 {[%emt 0:00:03]} (27...
cxb5 28. Rxc8 Rxc8 29. axb5 $18 {was hopeless; the Pa7 falls, so White's
passer will decide the game.}) 28. Rd2 {[%emt 0:07:13]} cxb5 {[%emt 0:01:44]}
29. Rxc8 {[%emt 0:00:17]} Qxc8 {[%emt 0:00:05]} 30. axb5 {[%emt 0:00:43]} Bc4 {
[%emt 0:01:47]} ({Possibly, the best try was:} 30... Qb7 31. Bc5 $1 (31. Qxa7
Qxb5 32. Bc5 Rc8 33. Rd7 Qxc5 34. Rd8+ Rxd8 35. Qxc5 {is not that clear.})
31... Rc8 32. Rd8+ Rxd8 33. Qxd8+ Kf7 34. Qf8+ Kg6 35. Qf4 Be6 36. Qg3+ Kf7 37.
Bd4 Ke8 38. Qe5 $18) 31. Rc2 $1 {[%emt 0:03:07] The poor coordination of
Black's pieces enables White to win the pawn.} Qe6 {[%emt 0:01:17]} 32. Qxa7 {
[%emt 0:00:38]} Qd5 {[%emt 0:07:01]} ({The pawn was poisoned:} 32... Bxb5 33.
Rc7 Rf7 34. Qb8+ Be8 35. Rc8 Rf8 36. Bc5 $18) 33. Bd4 {[%emt 0:00:06]} Rf7 {
[%emt 0:00:19]} 34. Qb8+ {[%emt 0:00:05]} Rf8 {[%emt 0:00:02]} 35. Qc7 {
[%emt 0:00:06] Now White liquadates into a winning rook endgame.} Qxd4 {
[%emt 0:00:05]} 36. Qxc4+ {[%emt 0:00:05]} Qxc4 {[%emt 0:00:05]} 37. Rxc4 {
[%emt 0:00:05]} Rb8 {[%emt 0:00:04]} 38. Rb4 $18 {[%emt 0:00:04] The rest is
quite easy.} Kf7 {[%emt 0:00:03]} 39. Kf1 {[%emt 0:00:20]} Ke6 {[%emt 0:00:29]}
(39... Rb6 {Or} 40. Ke2 Ke6 41. Rxe4+ Kd6 42. Rb4 Kc5 43. Rb1 $18) 40. Rxe4+ {
[%emt 0:00:00]} Kd6 {[%emt 0:00:00]} 41. Rd4+ {[%emt 0:00:53]} Ke6 {[%emt 0:00:
44]} 42. Rb4 {[%emt 0:00:07]} Kd5 {[%emt 0:00:02]} 43. Rh4 {[%emt 0:03:11] Not
the only, but a convincing way.} h6 {[%emt 0:00:26]} 44. Rg4 {[%emt 0:00:08]}
g5 {[%emt 0:01:24]} (44... Rb7 45. Rg6 Kc5 46. b6 $18) 45. Rb4 {[%emt 0:00:27]}
Kc5 {[%emt 0:00:22]} 46. Rb1 {[%emt 0:00:19]} Kb6 {[%emt 0:01:19]} (46... Rxb5
47. Rxb5+ Kxb5 48. Ke2 $18) 47. Re1 {[%emt 0:00:45]} Kc5 {[%emt 0:01:02]} 48.
Re6 {[%emt 0:00:07]} 1-0

[Event "Bilbao Masters 9th"]
[Site "Bilbao"]
[Date "2016.07.14"]
[Round "2"]
[White "Karjakin, Sergey"]
[Black "Giri, Anish"]
[Result "1/2-1/2"]
[WhiteElo "2773"]
[BlackElo "2785"]
[Annotator "Roiz,M"]
[PlyCount "165"]
[EventDate "2016.07.13"]
[EventType "tourn"]
[EventRounds "10"]
[EventCountry "ESP"]
[EventCategory "22"]
[SourceTitle "CBM 174"]
[Source "ChessBase"]
[SourceDate "2016.09.13"]
[SourceVersion "1"]
[SourceVersionDate "2016.09.13"]
[SourceQuality "1"]

1. e4 e5 2. Nf3 Nc6 3. Bc4 Bc5 4. O-O Nf6 5. d3 O-O 6. c3 d5 7. exd5 Nxd5 8. a4
{This fresh idea recently has recently gained some popularity at the highest
level.} a6 ({The more consistent way to secure the bishop -} 8... a5 {was
tested by Levon Aronian and was well known for Anish, since he was on White's
side:} 9. Nbd2 Nb6 10. Bb5 Bg4 11. h3 Bh5 12. Ne4 Bd6 13. Re1 Na7 14. d4 Nxb5
15. axb5 exd4 16. Nxd6 Bxf3 17. Qxf3 Qxd6 18. Rd1 Rfe8 19. Bf4 Qc5 20. Qxb7
dxc3 21. bxc3 $14 {Giri,A (2782)-Aronian,L (2792) Leuven BEL 2016}) 9. a5 ({
Possibly,} 9. Nbd2 $5 {is a more promising way of handling the position.
Indeed, in the following games Black was unable to equalize:} Nb6 10. Ba2 Qxd3
(10... Bf5 11. a5 Nc8 12. Ne4 Be7 13. Re1 $14 {Vitiugov,N (2724)-Zhukova,N 
(2488) Doha QAT 2015}) 11. a5 Nd7 12. Bb1 Qd6 13. Ng5 Nf6 14. Qc2 Ne7 15. Nge4
Bf5 16. Nxd6 Bxc2 17. Nxb7 Bxb1 18. Nxc5 $14 {Cornette,M (2583)-Naroditsky,D 
(2634) Ajaccio FRA 2016}) 9... b5 {This advance is connected with a
significant strategic risk, but I guess it was still a part of Giri's
preparation.} ({Still, quite logical seems} 9... Bf5 $5 10. Nbd2 Nf6 11. b4 Ba7
12. Qc2 h6 {with complex battle.}) 10. axb6 Nxb6 11. Bb3 Bg4 $146 {A logical
innovation - the pin of Nf3 causes White definite problems.} ({In one
preceding game Black didn't get compensation for the exposed kingside pawn
structure:} 11... Bf5 12. Bc2 Qd7 13. Qe2 Rfe8 14. Nbd2 a5 15. Ne4 Bf8 16. Ng3
Be6 17. Ng5 Bd5 18. Qh5 h6 19. N5e4 $14 {Piorun,K (2591)-Lampert,J (2469)
Dresden GER 2016}) 12. Qe2 {This move seems somewhat slow - Black gets an
important tempo for protecting the Pe5.} ({It looks like the energetical} 12.
h3 Bh5 13. Bg5 $1 {would pose Black some problems:} Be7 (13... Qd6 14. Nbd2 $1
Qxd3 15. Nxe5 Nxe5 16. Qxh5 $14) 14. Bxe7 Qxe7 15. Re1 Qd6 16. Nbd2 Qxd3) 12...
Kh8 $1 13. Be3 (13. h3 Bh5 14. Be3 Bxe3 15. Qxe3 f6 16. Nbd2 a5 $132) 13... Bd6
$5 {An ambitious choice. Anish's play is mainly based on the k-side attack, so
he prefers to keep more pieces on the board.} ({The more quiet way of handling
the position was:} 13... Bxe3 14. Qxe3 f6 15. Nbd2 a5 $11) 14. h3 Bh5 15. g4 {
Quite a risky continuation, but it was hard to do with a pin of Nf3 any longer.
} (15. Nbd2 f5 16. Bxb6 cxb6 17. Bd5 Qc7 18. Qe3 Rae8 19. Rxa6 (19. Bxc6 Qxc6
20. Rxa6 Bc7 $44) 19... Nb8 20. Ra4 Nd7 $44) 15... Bg6 16. Nbd2 Be7 $1 {
An excellent prophylactic move. Now, when the g5-spot is under control, Black
feels free to touch the f-pawn.} ({Premature seems} 16... f5 17. Ng5 Qe8 18. h4
$1 fxg4 19. Nde4 $36) 17. Ne4 f5 18. gxf5 Bxf5 19. Kh2 {The control over
e4-spot allows Sergey to maintain the ballance.} Qe8 (19... Nd5 $5 20. Ba4 Qe8
$132) 20. Nfd2 ({The more aggressive} 20. Nfg5 $5 Nd8 21. f4 {would force
Anish to play very precisely in order to neutralize the activity of White's
knights:} Qb5 $1 (21... h6 22. fxe5 hxg5 23. Bxg5 Nc6 24. Bxe7 Nxe7 25. Rf4 $40
) 22. Ba2 exf4 23. Rxf4 Nd5 24. Bxd5 Qxd5 25. Raf1 Ne6 $11) 20... Qd7 21. Rg1
Bxh3 $2 {This time Anish doesn't trust his excellent sense of danger and grabs
the ''poisoned pawn''!} ({Correct was} 21... a5 22. Qf3 Bg6 23. Qg3 Nd5 24. Ba4
Nxe3 25. fxe3 Rab8 $132 {with very complex, double-edged play.}) 22. Qh5 ({
Another way to admit the lack of harmony in Black's camp was:} 22. Rg3 $5 Be6
23. Bxe6 Qxe6 24. Rag1 g6 (24... Nd5 25. Rxg7 Nf4 26. Bxf4 Rxf4 27. R7g3 $16)
25. Nf3 Nd5 26. Rh3 Qd7 27. Nfg5 Bxg5 28. Nxg5 Nf6 29. Bc5 $16) 22... Bf5 23.
Rxg7 $2 {This decision was definitely connected with miscalculation!} ({
At the same time, another tactical resourse} 23. Bh6 $1 Rg8 {The lesser evil} (
23... gxh6 24. Qxh6 Bg4 25. f3 Rf4 26. fxg4 $18) (23... g6 24. Bxf8 Rxf8 25.
Qh6 $18) 24. Rxa6 $1 ({Less offers} 24. Bxg8 Rxg8 25. Bg5 Rf8 $14) 24... Rab8
25. Bxg8 Rxg8 26. Qf7 Bg4 27. Be3 $16 {would let Sergey to acquire the
material advantage and keep all his pieces very active.}) 23... Kxg7 24. Rg1+
Kh8 25. Qh6 Bd6 ({Correctly rejecting} 25... Rg8 $2 26. Ng5 Rg7 27. Nf7+ Rxf7
28. Bxf7 Bg4 29. Bg6 Bf8 30. Qh4 $18) 26. Bxb6 $2 {One more wrong decision -
there was no reason for exchanging such a powerful bishop.} (26. Nxd6 cxd6 27.
Bxb6 Qe7 28. Bd5 Rf6 29. Qh4 {would force Black to accept a draw:} Rg6 30. Qxe7
Rh6+ 31. Kg3 Nxe7 32. Bxa8 Rg6+ 33. Kh2 Rh6+ $11) 26... Bxe4 27. Nxe4 cxb6 28.
Rg6 Na5 $2 {Returning the favour!} ({Anish has a golden opportunity of
converting his material advantage into a full point:} 28... Bc5 $1 29. Rxc6 Rf4
30. Qg5 (30. Rf6 Rxf6 31. Qxf6+ Qg7 $19) 30... Qxc6 31. Qxe5+ Rf6 32. Qxf6+
Qxf6 33. Nxf6 Bxf2 $19) 29. Rxd6 Qg7 30. Qxg7+ Kxg7 31. Rd7+ Kh8 32. Be6 {
Despite the limited material ballance, the activity of White's pieces offers
full compensation for the exchange now.} h6 $6 {Anish is playing with fire!} ({
He had to force a draw by repetition:} 32... Rad8 33. Ra7 Ra8) 33. b4 Nc6 34.
Bd5 Rac8 35. Rb7 $6 ({Stronger was} 35. Nd6 $1 Rcd8 ({After} 35... Nb8 36. Nf7+
Kg7 37. Rb7 Rxc3 38. Nxe5+ Kf6 39. f4 $18 {White is just dominating over the
board!}) 36. Bxc6 Rxd7 37. Bxd7 Rxf2+ 38. Kg3 Rd2 $14 {- The a-pawn offers
Black decent drawing chances, but White's advantage is undisputable!}) 35... b5
36. Kh3 {All White's pieces are perfectly placed, but it's hard to make
further progress.} Rf4 37. Kg2 (37. Kg3 $5 {was more tricky, avoiding the
rook's transfer to g7. In this case Black should have played:} a5 $1 38. bxa5
Nxa5 39. Rxb5 Nc6 40. Rb7 Rff8 41. Kg4 Nb8 $1 {(It's tough to find such a
defensive idea!)} 42. Kh5 Na6 $1 43. Rb6 Nc7 44. Rxh6+ Kg7 45. Rg6+ Kh8 $11)
37... Rg4+ 38. Kf1 Rg7 39. Rb6 Ne7 40. Rxh6+ Rh7 41. Rd6 Nxd5 42. Rxd5 Re7 {
Black was able to consolidate, so the position is drawn now.} 43. Rd6 Ra8 44.
Kg2 Rf7 45. Kf1 Re7 46. Ke2 a5 {Inviting further simplifications.} 47. bxa5
Rxa5 48. Rb6 Rc7 49. Ke3 Kg8 50. Re6 b4 51. cxb4 Rb5 52. Nc5 Ra7 ({Of course,
not} 52... Rxb4 $2 53. Na6 $18) 53. Rxe5 Rxb4 54. Ne4 Kf7 55. f4 Ra1 56. f5
Re1+ 57. Kd2 Rf1 58. Nd6+ Kf8 59. Re8+ Kg7 60. Re6 Rbf4 61. f6+ Kg6 62. f7+ Kg7
63. Re8 Rf6 64. Rg8+ Kh7 65. Rd8 Kg7 66. Ke2 R6f2+ 67. Ke3 Rxf7 68. Nxf7 Kxf7
$11 {The rest of the moves are of no special interest.} 69. Rd4 Ke6 70. Rf4
Rxf4 71. Kxf4 Kd5 72. Ke3 Ke5 73. d4+ Kd5 74. Kd3 Kd6 75. Kc4 Kc6 76. d5+ Kd6
77. Kd4 Kd7 78. Ke5 Ke7 79. d6+ Kd7 80. Kd5 Kd8 81. Ke6 Ke8 82. d7+ Kd8 83. Kd6
1/2-1/2